[Event "April 9 Early 2024"]
[Site "Chess.com"]
[Date "2024.04.09"]
[Round "3"]
[White "Ozates, Tuna"]
[Black "Schut, Han"]
[Result "1-0"]
[Board "197"]
[WhiteFideId "6354521"]
[BlackFideId "1005561"]
[WhiteTitle "FM"]
[BlackTitle "CM"]
[WhiteElo "2562"]
[BlackElo "2264"]
[WhiteTeam "TUR"]
[BlackTeam "NED"]
[WhiteClock "0:00:52"]
[BlackClock "0:00:12"]
[Variant "Standard"]

1. e4 {[%clk 0:02:56]}  c5 {[%clk 0:02:59]} 2. Nf3 {[%clk 0:02:56]}  d6 {[%clk 0:03:00]} 3. Bb5+ {[%clk 0:02:56]}  Bd7 {[%clk 0:02:59]} 4. Bxd7+ {[%clk 0:02:56]}  Qxd7 {[%clk 0:03:00]} 5. O-O {[%clk 0:02:57]}  Nf6 {[%clk 0:03:00]} 6. Qe2 {[%clk 0:02:57]}  Nc6 {[%clk 0:02:58]} 7. Rd1 {[%clk 0:02:56]}  e6 {[%clk 0:02:49]} 8. d4 {[%clk 0:02:54]}  cxd4 {[%clk 0:02:50]} 9. Nxd4 {[%clk 0:02:55]}  Be7 {[%clk 0:02:49]} 10. c4 {[%clk 0:02:55]}  O-O {[%clk 0:02:48]} 11. Nc3 {[%clk 0:02:55]}  Rfc8 {[%clk 0:02:48]} 12. b3 {[%clk 0:02:55]}  a6 {[%clk 0:02:48]} 13. Ba3 {[%clk 0:02:47]}  Nxd4 {[%clk 0:02:44]} 14. Rxd4 {[%clk 0:02:47]}  b5 {[%clk 0:02:43]} 15. e5 {[%clk 0:02:45]}  Ne8 {[%clk 0:02:41]} 16. exd6 {[%clk 0:02:40]}  Bf6 {[%clk 0:02:41]} 17. Rd3 {[%clk 0:02:15]}  bxc4 {[%clk 0:02:40]} 18. bxc4 {[%clk 0:02:11]}  Rxc4 {[%clk 0:02:39]} 19. Rc1 {[%clk 0:01:56]}  Rac8 {[%clk 0:02:31]} 20. Qd2 {[%clk 0:01:46]}  h6 {[%clk 0:02:09]} 21. Ne2 {[%clk 0:01:36]}  Rxc1+ {[%clk 0:01:49]} 22. Nxc1 {[%clk 0:01:37]}  e5 {[%clk 0:01:26]} 23. Nb3 {[%clk 0:01:34]}  e4 {[%clk 0:01:17]} 24. Rd5 {[%clk 0:01:30]}  Bg5 {[%clk 0:01:17]} 25. Qe2 {[%clk 0:01:27]}  Nf6 {[%clk 0:01:16]} 26. Rd1 {[%clk 0:01:24]}  a5 {[%clk 0:01:09]} 27. Nc5 {[%clk 0:01:21]}  Qc6 {[%clk 0:01:02]} 28. g3 {[%clk 0:01:17]}  Nd7 {[%clk 0:00:54]} 29. Nxe4 {[%clk 0:01:09]}  Bd8 {[%clk 0:00:45]} 30. Nc3 {[%clk 0:00:57]}  Bb6 {[%clk 0:00:45]} 31. Nd5 {[%clk 0:00:56]}  Kh8 {[%clk 0:00:42]} 32. Ne7 {[%clk 0:00:54]}  Qb7 {[%clk 0:00:39]} 33. Nxc8 {[%clk 0:00:54]}  Qxc8 {[%clk 0:00:40]} 34. Rc1 {[%clk 0:00:53]}  Qd8 {[%clk 0:00:12]} 35. Qe7 {[%clk 0:00:52]} 1-0

[Event "April 9 Early 2024"]
[Site "Chess.com"]
[Date "2024.04.09"]
[Round "3"]
[White "Subramanian, Anusha"]
[Black "Ladan, Nicholas"]
[Result "0-1"]
[Board "199"]
[WhiteFideId "477710"]
[BlackFideId "30918855"]
[WhiteTitle "WCM"]
[WhiteElo "2208"]
[BlackElo "2560"]
[WhiteTeam "ENG"]
[BlackTeam "USA"]
[WhiteClock "0:00:10"]
[BlackClock "0:00:25"]
[Variant "Standard"]

1. c4 {[%clk 0:03:00]}  e5 {[%clk 0:02:59]} 2. Nc3 {[%clk 0:02:58]}  Nc6 {[%clk 0:02:55]} 3. Nf3 {[%clk 0:02:58]}  Bc5 {[%clk 0:02:53]} 4. g3 {[%clk 0:02:52]}  d6 {[%clk 0:02:53]} 5. Bg2 {[%clk 0:02:51]}  Bg4 {[%clk 0:02:53]} 6. O-O {[%clk 0:02:49]}  Nge7 {[%clk 0:02:50]} 7. a3 {[%clk 0:02:46]}  a5 {[%clk 0:02:49]} 8. d3 {[%clk 0:02:32]}  h5 {[%clk 0:02:42]} 9. h3 {[%clk 0:02:28]}  Bf5 {[%clk 0:02:33]} 10. e3 {[%clk 0:02:18]}  Qd7 {[%clk 0:02:27]} 11. d4 {[%clk 0:02:16]}  exd4 {[%clk 0:02:18]} 12. exd4 {[%clk 0:02:16]}  Ba7 {[%clk 0:02:17]} 13. Kh2 {[%clk 0:02:14]}  O-O {[%clk 0:02:05]} 14. d5 {[%clk 0:02:03]}  Ne5 {[%clk 0:01:59]} 15. Nxe5 {[%clk 0:02:02]}  dxe5 {[%clk 0:01:54]} 16. Qxh5 {[%clk 0:02:02]}  Bg6 {[%clk 0:01:48]} 17. Qxe5 {[%clk 0:01:56]}  Nf5 {[%clk 0:01:46]} 18. Qf4 {[%clk 0:01:51]}  Rfe8 {[%clk 0:01:44]} 19. g4 {[%clk 0:01:46]}  Nh4 {[%clk 0:01:35]} 20. Be4 {[%clk 0:01:38]}  Bd4 {[%clk 0:01:29]} 21. Qg3 {[%clk 0:01:17]}  Bxe4 {[%clk 0:01:18]} 22. Nxe4 {[%clk 0:01:14]}  Rxe4 {[%clk 0:01:19]} 23. Qxh4 {[%clk 0:01:14]}  Bf6 {[%clk 0:01:07]} 24. Bg5 {[%clk 0:01:06]}  Bxb2 {[%clk 0:01:00]} 25. Rab1 {[%clk 0:00:55]}  Bxa3 {[%clk 0:00:57]} 26. Rxb7 {[%clk 0:00:52]}  Bd6+ {[%clk 0:00:57]} 27. Kg2 {[%clk 0:00:50]}  Rxc4 {[%clk 0:00:57]} 28. Rfb1 {[%clk 0:00:47]}  Rb4 {[%clk 0:00:52]} 29. Be3 {[%clk 0:00:34]}  Rxb1 {[%clk 0:00:47]} 30. Rxb1 {[%clk 0:00:34]}  Bb4 {[%clk 0:00:47]} 31. Qg5 {[%clk 0:00:33]}  Rd8 {[%clk 0:00:37]} 32. Rd1 {[%clk 0:00:27]}  Bc3 {[%clk 0:00:30]} 33. Rd3 {[%clk 0:00:12]}  Bf6 {[%clk 0:00:29]} 34. Qf4 {[%clk 0:00:11]}  Qd6 {[%clk 0:00:23]} 35. Qe4 {[%clk 0:00:10]}  c6 {[%clk 0:00:19]} 36. Bf4 {[%clk 0:00:08]}  cxd5 {[%clk 0:00:15]} 37. Qf3 {[%clk 0:00:04]}  Qc6 {[%clk 0:00:15]} 38. g5 {[%clk 0:00:04]}  Be7 {[%clk 0:00:15]} 39. h4 {[%clk 0:00:05]}  Bf8 {[%clk 0:00:15]} 40. Be5 {[%clk 0:00:05]}  Qe6 {[%clk 0:00:14]} 41. Qf4 {[%clk 0:00:05]}  Re8 {[%clk 0:00:14]} 42. h5 {[%clk 0:00:06]}  Qxe5 {[%clk 0:00:14]} 43. Qxe5 {[%clk 0:00:06]}  Rxe5 {[%clk 0:00:15]} 44. g6 {[%clk 0:00:06]}  Rxh5 {[%clk 0:00:14]} 45. gxf7+ {[%clk 0:00:06]}  Kxf7 {[%clk 0:00:15]} 46. Ra3 {[%clk 0:00:07]}  d4 {[%clk 0:00:16]} 47. Ra4 {[%clk 0:00:06]}  Rd5 {[%clk 0:00:15]} 48. Kf3 {[%clk 0:00:06]}  d3 {[%clk 0:00:16]} 49. Ra1 {[%clk 0:00:05]}  d2 {[%clk 0:00:16]} 50. Rd1 {[%clk 0:00:06]}  Bb4 {[%clk 0:00:17]} 51. Ke2 {[%clk 0:00:04]}  Re5+ {[%clk 0:00:17]} 52. Kd3 {[%clk 0:00:04]}  Re1 {[%clk 0:00:18]} 53. Rxd2 {[%clk 0:00:05]}  Bxd2 {[%clk 0:00:18]} 54. Kxd2 {[%clk 0:00:05]}  Rb1 {[%clk 0:00:19]} 55. Kc2 {[%clk 0:00:06]}  Rb8 {[%clk 0:00:19]} 56. Kc3 {[%clk 0:00:07]}  a4 {[%clk 0:00:20]} 57. Kc4 {[%clk 0:00:08]}  a3 {[%clk 0:00:21]} 58. Kc3 {[%clk 0:00:08]}  a2 {[%clk 0:00:22]} 59. Kc4 {[%clk 0:00:09]}  a1=Q {[%clk 0:00:23]} 60. Kc5 {[%clk 0:00:10]}  Qd1 {[%clk 0:00:22]} 61. Kc4 {[%clk 0:00:10]}  Rc8+ {[%clk 0:00:23]} 62. Kb5 {[%clk 0:00:10]}  Qb1+ {[%clk 0:00:24]} 63. Ka4 {[%clk 0:00:10]}  Ra8# {[%clk 0:00:25]} 0-1

[Event "April 9 Early 2024"]
[Site "Chess.com"]
[Date "2024.04.09"]
[Round "3"]
[White "Badacsonyi, Stanley"]
[Black "Vila Dupla, Aurelio"]
[Result "1-0"]
[Board "200"]
[WhiteFideId "486973"]
[BlackFideId "2203383"]
[WhiteTitle "CM"]
[BlackTitle "FM"]
[WhiteElo "2560"]
[BlackElo "2208"]
[WhiteTeam "ENG"]
[BlackTeam "ESP"]
[WhiteClock "0:01:55"]
[BlackClock "0:00:08"]
[Variant "Standard"]

1. d4 {[%clk 0:03:00]}  d5 {[%clk 0:02:58]} 2. Nc3 {[%clk 0:03:01]}  c6 {[%clk 0:02:55]} 3. Bf4 {[%clk 0:03:01]}  e6 {[%clk 0:02:55]} 4. e3 {[%clk 0:03:01]}  f5 {[%clk 0:02:55]} 5. Nf3 {[%clk 0:03:01]}  Nf6 {[%clk 0:02:55]} 6. Ne5 {[%clk 0:03:01]}  Be7 {[%clk 0:02:54]} 7. g4 {[%clk 0:03:01]}  O-O {[%clk 0:02:37]} 8. Bd3 {[%clk 0:02:59]}  Ne4 {[%clk 0:02:27]} 9. gxf5 {[%clk 0:02:56]}  exf5 {[%clk 0:02:26]} 10. Qf3 {[%clk 0:02:55]}  Qa5 {[%clk 0:02:18]} 11. Bxe4 {[%clk 0:02:48]}  fxe4 {[%clk 0:01:59]} 12. Qg3 {[%clk 0:02:48]}  Bf5 {[%clk 0:01:23]} 13. O-O {[%clk 0:02:46]}  Nd7 {[%clk 0:01:11]} 14. Kh1 {[%clk 0:02:45]}  Bf6 {[%clk 0:01:01]} 15. Ng4 {[%clk 0:02:40]}  Bxg4 {[%clk 0:00:59]} 16. Qxg4 {[%clk 0:02:39]}  Qd8 {[%clk 0:00:57]} 17. Rg1 {[%clk 0:02:39]}  Kh8 {[%clk 0:00:56]} 18. Rg2 {[%clk 0:02:38]}  Rg8 {[%clk 0:00:56]} 19. Rag1 {[%clk 0:02:38]}  Nf8 {[%clk 0:00:53]} 20. Ne2 {[%clk 0:02:36]}  Ng6 {[%clk 0:00:53]} 21. Bg3 {[%clk 0:02:35]}  Qc8 {[%clk 0:00:53]} 22. Qh5 {[%clk 0:02:34]}  Qe6 {[%clk 0:00:42]} 23. h4 {[%clk 0:02:26]}  Raf8 {[%clk 0:00:38]} 24. Kh2 {[%clk 0:02:19]}  Qe7 {[%clk 0:00:38]} 25. Kh1 {[%clk 0:02:09]}  Bxh4 {[%clk 0:00:33]} 26. Rh2 {[%clk 0:02:08]}  Qg5 {[%clk 0:00:21]} 27. Rxh4 {[%clk 0:01:55]}  Qxh5 {[%clk 0:00:08]} 28. Rxh5 {[%clk 0:01:55]} 1-0

[Event "April 9 Early 2024"]
[Site "Chess.com"]
[Date "2024.04.09"]
[Round "3"]
[White "Lye, Sverre"]
[Black "Gokhale Rishabh Chandrashekhar"]
[Result "0-1"]
[Board "201"]
[WhiteFideId "1539353"]
[BlackFideId "35007416"]
[WhiteTitle "CM"]
[WhiteElo "2195"]
[BlackElo "2560"]
[WhiteTeam "NOR"]
[BlackTeam "IND"]
[WhiteClock "0:02:24"]
[BlackClock "0:02:38"]
[Variant "Standard"]

1. e4 {[%clk 0:02:54]}  c5 {[%clk 0:02:50]} 2. b3 {[%clk 0:02:53]}  Nf6 {[%clk 0:02:48]} 3. Nc3 {[%clk 0:02:51]}  g6 {[%clk 0:02:47]} 4. Bb2 {[%clk 0:02:52]}  Bg7 {[%clk 0:02:47]} 5. Nd5 {[%clk 0:02:52]}  e6 {[%clk 0:02:45]} 6. Nxf6+ {[%clk 0:02:50]}  Bxf6 {[%clk 0:02:46]} 7. Bxf6 {[%clk 0:02:48]}  Qxf6 {[%clk 0:02:47]} 8. Nf3 {[%clk 0:02:47]}  Nc6 {[%clk 0:02:46]} 9. Be2 {[%clk 0:02:46]}  O-O {[%clk 0:02:46]} 10. O-O {[%clk 0:02:47]}  b6 {[%clk 0:02:45]} 11. d3 {[%clk 0:02:43]}  Bb7 {[%clk 0:02:45]} 12. Qd2 {[%clk 0:02:41]}  d5 {[%clk 0:02:42]} 13. exd5 {[%clk 0:02:40]}  exd5 {[%clk 0:02:43]} 14. Qg5 {[%clk 0:02:39]}  Qxg5 {[%clk 0:02:39]} 15. Nxg5 {[%clk 0:02:40]}  Rfe8 {[%clk 0:02:39]} 16. Rfe1 {[%clk 0:02:24]}  Nd4 {[%clk 0:02:38]} 0-1

[Event "April 9 Early 2024"]
[Site "Chess.com"]
[Date "2024.04.09"]
[Round "3"]
[White "Miller, Luke C"]
[Black "Caku, Kler"]
[Result "1-0"]
[Board "202"]
[WhiteFideId "2096935"]
[BlackFideId "4704703"]
[BlackTitle "WCM"]
[WhiteElo "2560"]
[BlackElo "2194"]
[WhiteTeam "USA"]
[BlackTeam "ALB"]
[WhiteClock "0:00:10"]
[BlackClock "0:00:00"]
[Variant "Standard"]

1. e4 {[%clk 0:03:00]}  e5 {[%clk 0:03:00]} 2. f4 {[%clk 0:02:59]}  Nc6 {[%clk 0:03:00]} 3. Nf3 {[%clk 0:02:59]}  exf4 {[%clk 0:03:00]} 4. d4 {[%clk 0:02:58]}  d6 {[%clk 0:03:00]} 5. Bxf4 {[%clk 0:02:57]}  Nf6 {[%clk 0:02:59]} 6. Nc3 {[%clk 0:02:54]}  Be7 {[%clk 0:02:45]} 7. Qe2 {[%clk 0:02:49]}  O-O {[%clk 0:02:41]} 8. O-O-O {[%clk 0:02:48]}  h6 {[%clk 0:02:34]} 9. h3 {[%clk 0:02:41]}  Nh5 {[%clk 0:02:27]} 10. Bh2 {[%clk 0:02:38]}  Bg5+ {[%clk 0:02:26]} 11. Nxg5 {[%clk 0:02:36]}  Qxg5+ {[%clk 0:02:27]} 12. Kb1 {[%clk 0:02:36]}  Ng3 {[%clk 0:02:26]} 13. Bxg3 {[%clk 0:02:21]}  Qxg3 {[%clk 0:02:27]} 14. Nd5 {[%clk 0:02:18]}  Be6 {[%clk 0:01:51]} 15. Nxc7 {[%clk 0:02:18]}  Rac8 {[%clk 0:01:51]} 16. Nb5 {[%clk 0:01:58]}  Nb4 {[%clk 0:01:33]} 17. Nc3 {[%clk 0:01:58]}  Rxc3 {[%clk 0:00:49]} 18. bxc3 {[%clk 0:01:59]}  Qxc3 {[%clk 0:00:49]} 19. d5 {[%clk 0:01:58]}  Rc8 {[%clk 0:00:47]} 20. Qd2 {[%clk 0:01:37]}  Qa3 {[%clk 0:00:37]} 21. c4 {[%clk 0:01:14]}  Bd7 {[%clk 0:00:19]} 22. Qb2 {[%clk 0:01:13]}  Qa5 {[%clk 0:00:16]} 23. a3 {[%clk 0:01:01]}  Na6 {[%clk 0:00:13]} 24. Bd3 {[%clk 0:00:55]}  Nc5 {[%clk 0:00:12]} 25. Bc2 {[%clk 0:00:51]}  b5 {[%clk 0:00:09]} 26. Qb4 {[%clk 0:00:44]}  Qb6 {[%clk 0:00:08]} 27. cxb5 {[%clk 0:00:43]}  Bxb5 {[%clk 0:00:07]} 28. Ka1 {[%clk 0:00:41]}  a5 {[%clk 0:00:07]} 29. Qd4 {[%clk 0:00:40]}  Qa6 {[%clk 0:00:05]} 30. e5 {[%clk 0:00:36]}  dxe5 {[%clk 0:00:04]} 31. Qxe5 {[%clk 0:00:37]}  Bc4 {[%clk 0:00:03]} 32. d6 {[%clk 0:00:34]}  Nd7 {[%clk 0:00:02]} 33. Qd4 {[%clk 0:00:23]}  Qb5 {[%clk 0:00:02]} 34. Rb1 {[%clk 0:00:20]}  Qg5 {[%clk 0:00:02]} 35. g4 {[%clk 0:00:19]}  Qh4 {[%clk 0:00:02]} 36. Ba4 {[%clk 0:00:15]}  Qg3 {[%clk 0:00:01]} 37. Qb2 {[%clk 0:00:12]}  Nc5 {[%clk 0:00:01]} 38. d7 {[%clk 0:00:12]}  Rd8 {[%clk 0:00:01]} 39. Bc6 {[%clk 0:00:11]}  Qc7 {[%clk 0:00:02]} 40. Qb6 {[%clk 0:00:10]}  Qd6 {[%clk 0:00:00]} 41. Qxd8+ {[%clk 0:00:10]} 1-0

[Event "April 9 Early 2024"]
[Site "Chess.com"]
[Date "2024.04.09"]
[Round "3"]
[White "Monpeurt, Cyrielle"]
[Black "Lehtosaari, Mauri"]
[Result "1/2-1/2"]
[Board "203"]
[WhiteFideId "677400"]
[BlackFideId "501999"]
[WhiteTitle "WFM"]
[WhiteElo "2176"]
[BlackElo "2560"]
[WhiteTeam "FRA"]
[BlackTeam "FIN"]
[WhiteClock "0:00:45"]
[BlackClock "0:00:08"]
[Variant "Standard"]

1. e4 {[%clk 0:03:00]}  c5 {[%clk 0:02:57]} 2. Nf3 {[%clk 0:03:00]}  e6 {[%clk 0:02:54]} 3. d4 {[%clk 0:03:00]}  cxd4 {[%clk 0:02:55]} 4. Nxd4 {[%clk 0:03:00]}  Qb6 {[%clk 0:02:55]} 5. Nb3 {[%clk 0:02:57]}  Qc7 {[%clk 0:02:54]} 6. a3 {[%clk 0:02:54]}  Nf6 {[%clk 0:02:47]} 7. Nc3 {[%clk 0:02:53]}  a6 {[%clk 0:02:42]} 8. Be3 {[%clk 0:02:49]}  d6 {[%clk 0:02:34]} 9. Bd3 {[%clk 0:02:49]}  Be7 {[%clk 0:02:33]} 10. O-O {[%clk 0:02:49]}  O-O {[%clk 0:02:34]} 11. Kh1 {[%clk 0:02:49]}  b6 {[%clk 0:02:33]} 12. f4 {[%clk 0:02:49]}  Bb7 {[%clk 0:02:33]} 13. Qf3 {[%clk 0:02:41]}  Nbd7 {[%clk 0:01:59]} 14. Rae1 {[%clk 0:02:40]}  Nc5 {[%clk 0:01:56]} 15. Nxc5 {[%clk 0:02:35]}  bxc5 {[%clk 0:01:57]} 16. b3 {[%clk 0:02:29]}  Rad8 {[%clk 0:01:15]} 17. Bd2 {[%clk 0:02:25]}  d5 {[%clk 0:01:03]} 18. e5 {[%clk 0:02:23]}  Ne4 {[%clk 0:01:03]} 19. Qe2 {[%clk 0:01:49]}  f5 {[%clk 0:00:47]} 20. Nxe4 {[%clk 0:01:34]}  dxe4 {[%clk 0:00:34]} 21. Bc4 {[%clk 0:01:33]}  Qc6 {[%clk 0:00:22]} 22. Be3 {[%clk 0:01:31]}  Kh8 {[%clk 0:00:22]} 23. Rd1 {[%clk 0:01:31]}  Rxd1 {[%clk 0:00:20]} 24. Rxd1 {[%clk 0:01:31]}  Rd8 {[%clk 0:00:21]} 25. Rxd8+ {[%clk 0:01:29]}  Bxd8 {[%clk 0:00:22]} 26. Qd2 {[%clk 0:01:18]}  Be7 {[%clk 0:00:19]} 27. Kg1 {[%clk 0:01:12]}  h6 {[%clk 0:00:20]} 28. Kf2 {[%clk 0:01:10]}  Kh7 {[%clk 0:00:20]} 29. a4 {[%clk 0:01:03]}  Bh4+ {[%clk 0:00:20]} 30. g3 {[%clk 0:01:03]}  Be7 {[%clk 0:00:21]} 31. Qd1 {[%clk 0:00:59]}  Qe8 {[%clk 0:00:19]} 32. Qd2 {[%clk 0:00:56]}  Bc8 {[%clk 0:00:16]} 33. Be2 {[%clk 0:00:51]}  Qc6 {[%clk 0:00:14]} 34. Bc4 {[%clk 0:00:50]}  Bb7 {[%clk 0:00:13]} 35. Qd1 {[%clk 0:00:48]}  Kg6 {[%clk 0:00:08]} 36. Qd2 {[%clk 0:00:45]}  Kh7 {[%clk 0:00:08]} 1/2-1/2

[Event "April 9 Early 2024"]
[Site "Chess.com"]
[Date "2024.04.09"]
[Round "3"]
[White "Belov, Alexei"]
[Black "Ho, In Hei Henry"]
[Result "1-0"]
[Board "204"]
[WhiteFideId "4128206"]
[BlackFideId "6002552"]
[WhiteTitle "IM"]
[BlackTitle "FM"]
[WhiteElo "2559"]
[BlackElo "2162"]
[WhiteTeam "RUS"]
[BlackTeam "HKG"]
[WhiteClock "0:00:16"]
[BlackClock "0:00:04"]
[Variant "Standard"]

1. e4 {[%clk 0:03:00]}  e6 {[%clk 0:03:00]} 2. d4 {[%clk 0:03:00]}  d5 {[%clk 0:03:00]} 3. Nd2 {[%clk 0:03:00]}  c5 {[%clk 0:03:00]} 4. Ngf3 {[%clk 0:02:59]}  Nf6 {[%clk 0:03:00]} 5. exd5 {[%clk 0:02:56]}  Qxd5 {[%clk 0:02:56]} 6. Bc4 {[%clk 0:02:55]}  Qd7 {[%clk 0:02:55]} 7. O-O {[%clk 0:02:54]}  Nc6 {[%clk 0:02:53]} 8. Nb3 {[%clk 0:02:53]}  cxd4 {[%clk 0:02:54]} 9. Nfxd4 {[%clk 0:02:52]}  Nxd4 {[%clk 0:02:54]} 10. Qxd4 {[%clk 0:02:51]}  Qxd4 {[%clk 0:02:52]} 11. Nxd4 {[%clk 0:02:52]}  a6 {[%clk 0:02:52]} 12. Be2 {[%clk 0:02:49]}  Bd6 {[%clk 0:02:43]} 13. Rd1 {[%clk 0:02:42]}  Bc7 {[%clk 0:02:26]} 14. Bg5 {[%clk 0:02:25]}  O-O {[%clk 0:02:21]} 15. Bf3 {[%clk 0:02:22]}  Rb8 {[%clk 0:02:20]} 16. Nb3 {[%clk 0:02:01]}  h6 {[%clk 0:02:10]} 17. Bxf6 {[%clk 0:01:59]}  gxf6 {[%clk 0:02:10]} 18. c3 {[%clk 0:01:49]}  b6 {[%clk 0:02:09]} 19. Nd4 {[%clk 0:01:43]}  Bb7 {[%clk 0:02:05]} 20. Bc6 {[%clk 0:01:41]}  Be5 {[%clk 0:01:50]} 21. Bxb7 {[%clk 0:01:36]}  Rxb7 {[%clk 0:01:45]} 22. Nc6 {[%clk 0:01:36]}  Rc8 {[%clk 0:01:34]} 23. Nxe5 {[%clk 0:01:24]}  fxe5 {[%clk 0:01:35]} 24. a4 {[%clk 0:01:15]}  e4 {[%clk 0:01:34]} 25. Rd4 {[%clk 0:01:09]}  f5 {[%clk 0:01:33]} 26. Rad1 {[%clk 0:01:02]}  Rcc7 {[%clk 0:01:26]} 27. f3 {[%clk 0:00:55]}  exf3 {[%clk 0:01:25]} 28. gxf3 {[%clk 0:00:56]}  Rg7+ {[%clk 0:01:24]} 29. Kf2 {[%clk 0:00:55]}  Kf7 {[%clk 0:01:24]} 30. Rd7+ {[%clk 0:00:53]}  Kf6 {[%clk 0:01:22]} 31. Rxg7 {[%clk 0:00:46]}  Rxg7 {[%clk 0:01:16]} 32. Rd6 {[%clk 0:00:46]}  Rb7 {[%clk 0:01:16]} 33. f4 {[%clk 0:00:46]}  Ke7 {[%clk 0:01:14]} 34. Rd3 {[%clk 0:00:42]}  Kf6 {[%clk 0:01:13]} 35. Rd8 {[%clk 0:00:35]}  Rc7 {[%clk 0:01:08]} 36. Rb8 {[%clk 0:00:29]}  Rc4 {[%clk 0:01:06]} 37. Kf3 {[%clk 0:00:27]}  Rc6 {[%clk 0:01:03]} 38. h4 {[%clk 0:00:24]}  a5 {[%clk 0:01:02]} 39. h5 {[%clk 0:00:24]}  Rd6 {[%clk 0:00:58]} 40. Ke3 {[%clk 0:00:21]}  Rc6 {[%clk 0:00:56]} 41. Rg8 {[%clk 0:00:20]}  Rc4 {[%clk 0:00:49]} 42. Rg6+ {[%clk 0:00:20]}  Kf7 {[%clk 0:00:48]} 43. Rxh6 {[%clk 0:00:20]}  Rxa4 {[%clk 0:00:48]} 44. Rh7+ {[%clk 0:00:21]}  Kg8 {[%clk 0:00:48]} 45. Rb7 {[%clk 0:00:20]}  Re4+ {[%clk 0:00:45]} 46. Kf3 {[%clk 0:00:21]}  e5 {[%clk 0:00:41]} 47. fxe5 {[%clk 0:00:19]}  Rxe5 {[%clk 0:00:40]} 48. Rxb6 {[%clk 0:00:20]}  Kg7 {[%clk 0:00:40]} 49. h6+ {[%clk 0:00:20]}  Kh7 {[%clk 0:00:40]} 50. Kf4 {[%clk 0:00:20]}  Rc5 {[%clk 0:00:39]} 51. Kg5 {[%clk 0:00:20]}  Rd5 {[%clk 0:00:32]} 52. Rb7+ {[%clk 0:00:20]}  Kg8 {[%clk 0:00:31]} 53. Kg6 {[%clk 0:00:20]}  Rd6+ {[%clk 0:00:30]} 54. Kg5 {[%clk 0:00:20]}  Rd5 {[%clk 0:00:29]} 55. h7+ {[%clk 0:00:20]}  Kh8 {[%clk 0:00:29]} 56. Kf4 {[%clk 0:00:20]}  a4 {[%clk 0:00:28]} 57. Ra7 {[%clk 0:00:19]}  Rb5 {[%clk 0:00:27]} 58. Rxa4 {[%clk 0:00:17]}  Rxb2 {[%clk 0:00:23]} 59. Kxf5 {[%clk 0:00:17]}  Kxh7 {[%clk 0:00:23]} 60. Ke5 {[%clk 0:00:17]}  Kg7 {[%clk 0:00:22]} 61. Rf4 {[%clk 0:00:17]}  Rc2 {[%clk 0:00:20]} 62. c4 {[%clk 0:00:17]}  Rd2 {[%clk 0:00:18]} 63. c5 {[%clk 0:00:17]}  Kg6 {[%clk 0:00:12]} 64. Ke6 {[%clk 0:00:17]}  Kg5 {[%clk 0:00:10]} 65. Rf1 {[%clk 0:00:17]}  Kg6 {[%clk 0:00:09]} 66. Rg1+ {[%clk 0:00:16]}  Kh5 {[%clk 0:00:04]} 67. c6 {[%clk 0:00:16]} 1-0

[Event "April 9 Early 2024"]
[Site "Chess.com"]
[Date "2024.04.09"]
[Round "3"]
[White "Donatti, Alvaro"]
[Black "Solberg, Joachim"]
[Result "0-1"]
[Board "205"]
[WhiteFideId "3000303"]
[BlackFideId "1502930"]
[BlackTitle "FM"]
[WhiteElo "2157"]
[BlackElo "2558"]
[WhiteTeam "URU"]
[BlackTeam "NOR"]
[WhiteClock "0:00:18"]
[BlackClock "0:00:35"]
[Variant "Standard"]

1. e4 {[%clk 0:03:00]}  c5 {[%clk 0:02:59]} 2. Nf3 {[%clk 0:02:59]}  e6 {[%clk 0:02:54]} 3. d4 {[%clk 0:02:58]}  cxd4 {[%clk 0:02:53]} 4. Nxd4 {[%clk 0:02:58]}  Bc5 {[%clk 0:02:54]} 5. Be3 {[%clk 0:02:54]}  Qb6 {[%clk 0:02:53]} 6. Nc3 {[%clk 0:02:53]}  Nc6 {[%clk 0:02:53]} 7. Na4 {[%clk 0:02:43]}  Qa5+ {[%clk 0:02:53]} 8. c3 {[%clk 0:02:42]}  Bxd4 {[%clk 0:02:53]} 9. Bxd4 {[%clk 0:02:41]}  Nxd4 {[%clk 0:02:54]} 10. Qxd4 {[%clk 0:02:40]}  e5 {[%clk 0:02:54]} 11. Qd1 {[%clk 0:02:31]}  Nf6 {[%clk 0:02:53]} 12. Bd3 {[%clk 0:02:25]}  O-O {[%clk 0:02:24]} 13. O-O {[%clk 0:02:24]}  d6 {[%clk 0:02:23]} 14. b4 {[%clk 0:02:14]}  Qc7 {[%clk 0:02:22]} 15. c4 {[%clk 0:02:13]}  Be6 {[%clk 0:02:22]} 16. Rc1 {[%clk 0:02:10]}  Rac8 {[%clk 0:02:21]} 17. Qe2 {[%clk 0:02:08]}  a6 {[%clk 0:02:21]} 18. c5 {[%clk 0:02:00]}  d5 {[%clk 0:02:16]} 19. exd5 {[%clk 0:01:56]}  Nxd5 {[%clk 0:02:15]} 20. a3 {[%clk 0:01:20]}  Nf4 {[%clk 0:02:14]} 21. Qe4 {[%clk 0:01:17]}  f5 {[%clk 0:02:13]} 22. Qe3 {[%clk 0:01:15]}  e4 {[%clk 0:02:01]} 23. Bc4 {[%clk 0:01:14]}  Bxc4 {[%clk 0:02:01]} 24. Rxc4 {[%clk 0:01:13]}  Nd3 {[%clk 0:02:00]} 25. Nb6 {[%clk 0:01:11]}  Rce8 {[%clk 0:02:00]} 26. Nd5 {[%clk 0:00:57]}  Qe5 {[%clk 0:01:59]} 27. Qd4 {[%clk 0:00:54]}  Rd8 {[%clk 0:01:11]} 28. Qxe5 {[%clk 0:00:46]}  Nxe5 {[%clk 0:01:11]} 29. Rd4 {[%clk 0:00:45]}  Kf7 {[%clk 0:01:10]} 30. Rfd1 {[%clk 0:00:41]}  Nd3 {[%clk 0:01:05]} 31. f3 {[%clk 0:00:36]}  Rfe8 {[%clk 0:00:50]} 32. fxe4 {[%clk 0:00:34]}  fxe4 {[%clk 0:00:50]} 33. Kf1 {[%clk 0:00:32]}  Re5 {[%clk 0:00:39]} 34. Ke2 {[%clk 0:00:20]}  Rexd5 {[%clk 0:00:38]} 35. Ke3 {[%clk 0:00:18]}  Rxd4 {[%clk 0:00:35]} 0-1

[Event "April 9 Early 2024"]
[Site "Chess.com"]
[Date "2024.04.10"]
[Round "3"]
[White "Ahmad, Khagan"]
[Black "Schirmbeck, Lilian"]
[Result "1-0"]
[Board "209"]
[WhiteFideId "13431552"]
[BlackFideId "34620532"]
[WhiteTitle "FM"]
[BlackTitle "WCM"]
[WhiteElo "2554"]
[BlackElo "1525"]
[WhiteTeam "AZE"]
[BlackTeam "GER"]
[WhiteClock "0:01:11"]
[BlackClock "0:01:12"]
[Variant "Standard"]

1. Nf3 {[%clk 0:02:39]}  d5 {[%clk 0:02:57]} 2. c4 {[%clk 0:02:27]}  d4 {[%clk 0:02:53]} 3. e3 {[%clk 0:02:18]}  c5 {[%clk 0:02:43]} 4. exd4 {[%clk 0:02:11]}  cxd4 {[%clk 0:02:41]} 5. d3 {[%clk 0:02:11]}  Nf6 {[%clk 0:02:37]} 6. a3 {[%clk 0:02:09]}  a5 {[%clk 0:02:34]} 7. g3 {[%clk 0:02:09]}  Nc6 {[%clk 0:02:33]} 8. Bg2 {[%clk 0:02:09]}  e5 {[%clk 0:02:32]} 9. O-O {[%clk 0:02:09]}  Bd6 {[%clk 0:02:30]} 10. c5 {[%clk 0:02:00]}  Bxc5 {[%clk 0:02:28]} 11. Re1 {[%clk 0:02:00]}  Bd6 {[%clk 0:02:27]} 12. Nxe5 {[%clk 0:01:56]}  Nxe5 {[%clk 0:02:24]} 13. f4 {[%clk 0:01:53]}  Nd7 {[%clk 0:02:13]} 14. fxe5 {[%clk 0:01:51]}  Nxe5 {[%clk 0:02:13]} 15. Bf4 {[%clk 0:01:44]}  Qc7 {[%clk 0:01:58]} 16. Qa4+ {[%clk 0:01:41]}  Bd7 {[%clk 0:01:54]} 17. Qxd4 {[%clk 0:01:39]}  Bc5 {[%clk 0:01:54]} 18. Rxe5+ {[%clk 0:01:38]}  Qxe5 {[%clk 0:01:46]} 19. Bxe5 {[%clk 0:01:39]}  Bxd4+ {[%clk 0:01:46]} 20. Bxd4 {[%clk 0:01:40]}  O-O {[%clk 0:01:30]} 21. Nc3 {[%clk 0:01:37]}  Bc6 {[%clk 0:01:27]} 22. Bxc6 {[%clk 0:01:33]}  bxc6 {[%clk 0:01:28]} 23. Bc5 {[%clk 0:01:33]}  Rfd8 {[%clk 0:01:25]} 24. d4 {[%clk 0:01:33]}  Rab8 {[%clk 0:01:24]} 25. b4 {[%clk 0:01:31]}  axb4 {[%clk 0:01:22]} 26. axb4 {[%clk 0:01:32]}  f6 {[%clk 0:01:22]} 27. Ra6 {[%clk 0:01:31]}  Rdc8 {[%clk 0:01:17]} 28. Ne4 {[%clk 0:01:30]}  Rc7 {[%clk 0:01:14]} 29. Bd6 {[%clk 0:01:28]}  Rcb7 {[%clk 0:01:12]} 30. Bxb8 {[%clk 0:01:28]}  Rxb8 {[%clk 0:01:13]} 31. Rxc6 {[%clk 0:01:28]}  Rxb4 {[%clk 0:01:13]} 32. Nd6 {[%clk 0:01:28]}  Rxd4 {[%clk 0:01:12]} 33. Rc8# {[%clk 0:01:11]} 1-0